Rezervy v ekonomice
Guardado en:
| Autor principal: | |
|---|---|
| Otros Autores: | , |
| Formato: | Libro |
| Lenguaje: | checo |
| Publicado: |
Praha
Práce
1981
|
| Colección: | Člověk a práce
|
| Etiquetas: |
Sin Etiquetas, Sea el primero en etiquetar este registro!
|
MARC
| LEADER | 00000nam a2200000 4500 | ||
|---|---|---|---|
| 001 | c136837 | ||
| 005 | 20050302095243.7 | ||
| 041 | 0 | |a cze | |
| 044 | |a CZ | ||
| 245 | 1 | 0 | |a Rezervy v ekonomice |c Jan Kazimour, Jaroslav Vrchota, Jan Laitl |
| 264 | 1 | |a Praha |b Práce |c 1981 | |
| 300 | |a 227 s. | ||
| 490 | 1 | |a Člověk a práce | |
| 830 | 0 | |a Člověk a práce | |
| 100 | 1 | |a Kazimour, Jan | |
| 700 | 1 | |a Vrchota, Jaroslav | |
| 700 | 1 | |a Laitl, Jan | |